000 00453cam a2200181ua 4500
020 _cRs.2/-
041 _amal
_h
082 _a894.812301
_bPOT/EZ
100 _aPottekatt, S.K .
245 _aEzhilampala /
_cS.K.Pottekatt.
_hTextual Documents
250 _a1 /
_b.
260 _aKottayam :
_bSahitya Pravarthaka Co-operative Society ,
_c1985.
300 _a137 ; .
365 _aRs.2/-
504 _a
942 _cBK
999 _c177
_d177